• 首页
  • 本馆介绍
  • 公告通知
  • 最新文献
  • 馆藏检索
  • 电子资源
  • 读者导购
  • 参考咨询
  • 我的图书馆
  • 登录
  • 详细信息显示
  • 放入我的书架
  • 预约/预借图书
  • 作者相关作品
  • 分类相关作品
  • 丛书相关作品
  • 出版社相关作品

书目信息

  • 表格格式
  • 工作单格式
  • 卡片格式
题名:
来自地狱的报告
    
 
作者: 亢进 编
分册:  
出版信息: 北京   人民文学出版社  1988.9
页数: 404页
开本: 23cm
丛书名:
单 册:
中图分类: I25 , I247.56
科图分类:
主题词: 小说--中国
电子资源:
ISBN: 7-02-000687-6
000 00527nam0 2200205 450
001 1537084554
005 20150119085645.42
010    @a7-02-000687-6@dCNY3.20
100    @a19910501d1988 km y0chiy0110 ea
101 0  @achi
105    @ay z 000zy
200 1  @a来自地狱的报告@e纪实小说@f亢进编
210    @a北京@c人民文学出版社@d1988.9
215    @a404页@c插图1页@d23cm
606 0  @a小说@x中国
690    @aI25@v1990
690    @aI247.56@v4
701  0 @a亢进@4编
801  0 @aCN@bTSSF@c20150119
905    @aZUCC@dI247.56@eJY4
    
    来自地狱的报告:纪实小说/亢进编.-北京:人民文学出版社,1988.9
    404页:插图1页;23cm
    
    
    ISBN 7-02-000687-6:CNY3.20
    
●
相关链接 在E读中查询图书 在五车中查询图书 在当当中查询图书 在豆瓣中查询图书


正题名:来自地狱的报告     索取号:I247.56/JY4         预约/预借

序号 登录号 条形码 馆藏地/架位号 状态 备注
1 7847369   278473698   学院路分馆/ [索取号:I247.56/JY4] 在馆    
2 7852257   278522573   学院路分馆/ [索取号:I247.56/JY4] 在馆    
唐山师范学院图书馆 欢迎您!
大连网信软件有限公司© 版权所有